Design for Good : A New Era of Architecture for Everyone /

Gespeichert in:
Bibliographische Detailangaben
Hauptverfasser: Cary, John (Verfasst von), Gates, Melinda (Verfasst von)
Format: Buch
Sprache:Englisch
Veröffentlicht: Washington : Island Press, 2017
Ausgabe:1. vydanie
Schlagworte:
Tags: Tag hinzufügen
Keine Tags, Fügen Sie das erste Tag hinzu!

MARC

LEADER 00000nam a22000003a 4500
001 0089283
003 SK-STU
005 20210702120428.4
007 ta
008 210702s ----xo-----e------000-0-----d
020 |a 978-1-61091-793-3 
040 |a STU  |b slo 
041 0 |a eng 
044 |a xxu 
100 1 |a Cary, John  |4 aut 
245 1 0 |a Design for Good :  |b A New Era of Architecture for Everyone /  |c aut. John Cary, Melinda Gates 
250 |a 1. vydanie 
260 |a Washington :  |b Island Press,  |c 2017 
300 |a 277 s. 
650 0 7 |a univerzálne navrhovanie 
650 0 7 |a komunita 
650 0 7 |a community living 
650 0 7 |a obytné budovy 
650 0 7 |a občianske budovy 
650 0 7 |a sociálne aspekty 
650 0 7 |a sustainable urbanism 
700 1 |a Gates, Melinda  |4 aut 
996 |b 284AU08735  |c A* 12013/U  |l AAKNST  |s P  |a 0  |w 0089283_0001